Diagrammatic reasoning : cognitive and computational perspectives
Saved in:
| Other Authors: | , , |
|---|---|
| Format: | Book |
| Language: | English |
| Published: |
Menlo Park, California :
AAAI Press,
1995
|
| Subjects: | |
| Tags: |
Add Tag
No Tags, Be the first to tag this record!
|
MARC
| LEADER | 00000nam a2200000 i 4500 | ||
|---|---|---|---|
| 001 | 1/61669 | ||
| 008 | 040923s1995 eng d | ||
| 020 | |a 0-262-57112-9 | ||
| 035 | |l 10074515 | ||
| 040 | |a GR-MY-UA |b gre |e aacr | ||
| 041 | 0 | |a eng | |
| 082 | 0 | |a 006.33 | |
| 245 | 1 | 0 | |a Diagrammatic reasoning : |b cognitive and computational perspectives / |c B. Chandrasekaran, Janice Glasgow, N. Hari Narayanan editors |
| 260 | |a Menlo Park, California : |b AAAI Press, |c 1995 | ||
| 300 | |a 780 p. | ||
| 504 | |a Includes bibliographical references and index | ||
| 650 | 0 | 0 | |a Automatic theorem proving. |
| 650 | 0 | 0 | |a Artificial intelligence. |
| 650 | 0 | 0 | |a Image processing. |
| 650 | 0 | 0 | |a Problem solving. |
| 700 | 1 | |a Chandrasekaran, B. |d 1942- |4 edt | |
| 700 | 1 | |a Glasgow, Janice. |4 edt | |
| 700 | 1 | |a Narayanan, N. Hari. |4 edt | |
| 852 | |a INST |b RHODES |e 20040923 |h 006.33 DIA |p 005400018543 |q 005400018543 |t BK |y 0 | ||
| 901 | |a BIBL4-2004-3 | ||
| 909 | |a Ρ |b 113284 | ||
| 922 | |a 4ΕΛΗ |b 200409 |c ΕΠΕΑΕΚ2/ΤΕΠΑΕΣ |d ΜΙΧΑΛΟΠΟΥΛΟΣ | ||
| 950 | |a 096-2004-06-17 | ||
| 970 | |a ΚΟΥΛΑΚΙΟΤΗ |b ΛΙΤΣΑ |z 2004/09/24 | ||